000 02040cam a22004814i 4500
003 PE-LiUPU
005 20250731173425.0
008 150706s r 000 0 d
035 _a(Sirsi) a51598
040 _aPE-LiUPU
_bspa
_cPE-LiUPU
_erda
049 _aPRUA
082 0 4 _a266.0071
_bH22
_221
100 1 _aHarley, C. David,
_eautor.
245 1 0 _aPreparándolos para servir :
_bla capacitación del misionero transcultural /
_cC. David Harley.
264 1 _aEstados Unidos :
_bAlianza Evangélica Mundial,
_c1997.
300 _a192 p ;
_c22 cm.
336 _atext
_2rdacontent
337 _aunmediated
_2rdamedia
338 _avolume
_2rdacarrier
504 _aIncluye bibliografía.
505 0 _aLa necesidad de la capacitación -- Ejemplos tomados de los nuevos países de envío misionero -- La naturaleza de la capacitación -- Cómo empezar -- ¿Quién realiza la capacitación? -- Cómo elegir a los estudiantes -- La planificación del currículo -- Capacitación integral -- El adiestramiento y la cultura -- Asuntos referidos a la capacitación y la pastoral -- Evaluación y desarrollo.
526 _aSEG42
526 _aSEG41
526 _aSEG40
526 _aSEG39
526 _aP94
526 _aP87
526 _aP86
526 _aP85
526 _aP77
526 _aP76
526 _aP35
541 _g001-0000607;
610 2 _aAlianza Evangélica Mundial
_xComisión de Misiones.
650 0 4 _aFormación de Misioneros.
650 0 4 _aMisiones
_zPaíses en desarrollo.
910 _agl
_bjv
_clch
_d20121108
942 _2ddc
_cBOOK
949 _a266.0071 H22
_wDEWEY
_c1
_i65707
_lCCODEBUL1
_mBUL
_p25.00
_r0
_sY
_tLIBRO
_u2015-07-06
_xTEOLOGIA
_PP35
_o.STAFF. Colección General
994 _aC0
_bPEPRU
596 _a1
999 _a266.0071 H22
_wDEWEY
_c54139
_i65707
_d54139
_f2021-11-10
_g5
_lCCODEBUL1
_mBUL
_p25.00
_q1
_r0
_sY
_tBOOK
_u2015-7-6
_xTEOLOGIA
_PP35
_0COMPRA
_o.STAFF. Colección General
980 _81
_gALBERTO SANCHEZ Responsable de Automatización